| 000 | 00647nam a22002057a 4500 | ||
|---|---|---|---|
| 999 |
_c179246 _d179246 |
||
| 005 | 20210603140648.0 | ||
| 010 | _aB-739961 | ||
| 020 |
_a9789382277071 _c995.00 |
||
| 035 | _aB-739961 | ||
| 037 | _bGift | ||
| 082 | _a230 | ||
| 100 | _aDoniger, Wendy | ||
| 245 |
_aOn Hinduism / _cby Wendy Doniger |
||
| 260 |
_aNew Delhi _bAleph Book Company _c2013 |
||
| 270 |
_a7/16, Ansari Road, Daryaganj _bNew Delhi _e110002 |
||
| 300 |
_axx, 660p. _c23cm(Hb) |
||
| 500 | _aincludes bibliographical references and index | ||
| 942 |
_2ddc _cEN _h230 _mDON |
||